Benedict Wong Movies - Statistics

General Stats
  • This quiz has been taken 13 times
    4 since last reset
  • The average score is 5 of 44
Answer Stats
Year Movie % Correct
2016 Doctor Strange
100%
2019 Avengers: Endgame
50%
2018 Avengers: Infinity War
50%
2022 Doctor Strange in the Multiverse of Madness
50%
2021 Spider-Man: No Way Home
50%
2018 Annihilation
25%
2019 Gemini Man
25%
2013 Kick-Ass 2
25%
2012 Prometheus
25%
2021 Shang-Chi and the Legend of the Ten Rings
25%
2010 Shanghai
25%
2001 Spy Game
25%
2007 Sunshine
25%
2015 The Martian
25%
2013 #aiww: The Arrest of Ai Weiwei
0%
2027 Avengers: Secret Wars
0%
2024 Bad Genius
0%
2010 Better Life
0%
1997 Breakout
0%
2003 Code 46
0%
2005 Days of Darkness
0%
1995 Detonator II: Night Watch
0%
2002 Dirty Pretty Things
0%
2021 Extinct
0%
2007 Frankenstein
0%
2007 Grow Your Own
0%
2011 Johnny English Reborn
0%
2001 Kiss Kiss Bang Bang
0%
2019 Lady and the Tramp
0%
2015 Marco Polo: One Hundred Eyes
0%
2009 Moon
0%
2020 Nine Days
0%
2005 On a Clear Day
0%
2021 Raya and the Last Dragon
0%
2013 Redemption
0%
1997 Supply and Demand
0%
2011 The Flying Machine
0%
2008 The Heir Apparent: Largo Winch
0%
2011 The Lady
0%
2023 The Magician's Elephant
0%
2019 The Personal History of David Copperfield
0%
2005 Tristram Shandy
0%
TBD True Love
0%
2001 Wit
0%
No matching quizzes found
Score Distribution
Percent of People with Each Score
Percentile by Number Answered
Your Score History
You have not taken this quiz since the last reset